MARC details
| 000 -LEADER |
| fixed length control field |
01202 a2200337 4500 |
| 001 - CONTROL NUMBER |
| control field |
200130068 |
| 003 - CONTROL NUMBER IDENTIFIER |
| control field |
TR-AnTOB |
| 005 - DATE AND TIME OF LATEST TRANSACTION |
| control field |
20220218102324.0 |
| 008 - FIXED-LENGTH DATA ELEMENTS--GENERAL INFORMATION |
| fixed length control field |
130723b tu 000 0 |
| 020 ## - INTERNATIONAL STANDARD BOOK NUMBER |
| International Standard Book Number |
9786056116605 |
| 040 ## - CATALOGING SOURCE |
| Original cataloging agency |
TR-AnTOB |
| Transcribing agency |
TR-AnTOB |
| 041 0# - LANGUAGE CODE |
| Language code of text/sound track or separate title |
Türkçe |
| 050 ## - LIBRARY OF CONGRESS CALL NUMBER |
| Classification number |
BP188.9 |
| Item number |
Y8298 2010 |
| 090 ## - LOCALLY ASSIGNED LC-TYPE CALL NUMBER (OCLC); LOCAL CALL NUMBER (RLIN) |
| Classification number (OCLC) (R) ; Classification number, CALL (RLIN) (NR) |
BP188.9 |
| Local cutter number (OCLC) ; Book number/undivided call number, CALL (RLIN) |
Y8298 2010 |
| 100 ## - MAIN ENTRY--PERSONAL NAME |
| Personal name |
Yusuf-i Hakiki, |
| Dates associated with a name |
-1487 |
| 9 (RLIN) |
89585 |
| Relator term |
author |
| 245 10 - TITLE STATEMENT |
| Title |
Sevgi yolu / |
| Statement of responsibility, etc. |
Yusuf Hakîki Baba ; hazırlayan: Ali Çavuşoğlu. |
| 264 #1 - PRODUCTION, PUBLICATION, DISTRIBUTION, MANUFACTURE, AND COPYRIGHT NOTICE |
| Place of production, publication, distribution, manufacture |
Ankara : |
| Name of producer, publisher, distributor, manufacturer |
Aksaray Belediyesi, |
| Date of production, publication, distribution, manufacture, or copyright notice |
2010 |
| 300 ## - PHYSICAL DESCRIPTION |
| Extent |
168 pages : |
| Other physical details |
illustrations ; |
| Dimensions |
21 cm. |
| 336 ## - CONTENT TYPE |
| Source |
rdacontent |
| Content type term |
text |
| Content type code |
txt |
| 337 ## - MEDIA TYPE |
| Source |
rdamedia |
| Media type term |
unmediated |
| Media type code |
n |
| 338 ## - CARRIER TYPE |
| Source |
rdacarrier |
| Carrier type term |
volume |
| Carrier type code |
nc |
| 490 0# - SERIES STATEMENT |
| Series statement |
Aksaray Belediye Başkanlığı Kültür ve Sanat İşler Müdürlüğü Kültür Yayınları ; |
| Volume/sequential designation |
no: 2 |
| 600 07 - SUBJECT ADDED ENTRY--PERSONAL NAME |
| 9 (RLIN) |
89585 |
| Personal name |
Yusuf-i Hakiki, |
| Dates associated with a name |
-1487 |
| 650 #7 - SUBJECT ADDED ENTRY--TOPICAL TERM |
| Topical term or geographic name entry element |
İslam ahlakı |
| Form subdivision |
1800'den önceki çalışmalar |
| Source of heading or term |
etuturkob |
| 9 (RLIN) |
48445 |
|
| Topical term or geographic name entry element |
Sufism |
| Form subdivision |
Early works to 1800 |
| 9 (RLIN) |
45902 |
|
| Topical term or geographic name entry element |
Islamic ethics |
| 9 (RLIN) |
48367 |
|
| Topical term or geographic name entry element |
Tasavvuf |
| Form subdivision |
1800'den önceki çalışmalar |
| Source of heading or term |
etuturkob |
| 9 (RLIN) |
88514 |
| 700 1# - ADDED ENTRY--PERSONAL NAME |
| Personal name |
Çavuşoğlu, Ali |
| Relator term |
editor |
| 9 (RLIN) |
34660 |
| 942 ## - ADDED ENTRY ELEMENTS (KOHA) |
| Koha item type |
Book |
| Source of classification or shelving scheme |
Library of Congress Classification |